| 000 | 01646cam a22004578a 4500 | ||
|---|---|---|---|
| 001 | 85552 | ||
| 005 | 20230410103903.0 | ||
| 008 | 070430r20072006enkao 000 0deng | ||
| 035 | _a(OCoLC)ocn124025676 | ||
| 040 |
_aUKM _cUKM _dBTCTA _dYDXCP _dOCLCG _dSNU |
||
| 015 |
_aGBA733109 _2bnb |
||
| 016 | 7 |
_a013736024 _2Uk |
|
| 020 | _a9780743449687 (pbk.) | ||
| 020 | _a0743449681 (pbk.) | ||
| 029 | 1 |
_aAU@ _b000042162384 |
|
| 029 | 1 |
_aNZ1 _b11526639 |
|
| 029 | 1 |
_aUNITY _b108582140 |
|
| 029 | 1 |
_aUKHAN _b0743449681 |
|
| 029 | 1 |
_aUKLBL _b0743449681 |
|
| 035 | _a(OCoLC)124025676 | ||
| 050 | 1 | 4 |
_a416 DS 127.85 _bB786w 2007 |
| 082 | 0 | 0 | _a070.4333092 |
| 049 | _aGRAL | ||
| 100 | 1 |
_aBowen, Jeremy, _d1960- |
|
| 245 | 1 | 0 |
_aWar stories / _cJeremy Bowen. |
| 260 |
_aLondon : _bPocket Books, _c2007. |
||
| 300 |
_a297 p.: _bill., (some col) photg.; _c19cm. |
||
| 500 | _aOriginally published: London: Simon & Schuster, 2006 | ||
| 500 | _aTranslation of: Six days : how the 1967 war shaped the Middle East | ||
| 501 | _a"A work of remarkable honesty" Independent (T.p cover) | ||
| 505 | 0 | _aCrazy-- The war drug-- All flesh is grass-- The wired world-- Don't dream dreams-- Mostar-- Grozny and glamour-- Jerusalem, city of war--- Cold Turkey-- Lebanon, 2006. | |
| 650 | 0 |
_aIsrael-Arab War, 1967 _xInfluence |
|
| 650 | 0 |
_aTelevision journalists _zGreat Britain |
|
| 651 | 4 |
_aGuerra Israel- Arabe, 1967 _xInfluencia |
|
| 651 | 4 |
_aPeriodista televisión _zGran Bretaña |
|
| 938 |
_aBaker and Taylor _bBTCP _nBK0007262755 |
||
| 938 |
_aYBP Library Services _bYANK _n100471717 |
||
| 942 |
_2lcc _cbk |
||
| 994 |
_aC0 _bDRFGD |
||
| 946 | _almm | ||
| 999 |
_c27773 _d27773 |
||